| 000 | 00967nmm a2200277 a 4500 | ||
|---|---|---|---|
| 001 | ocm000780003 | ||
| 003 | TR-IsHL | ||
| 005 | 20201028152931.0 | ||
| 008 | 140311s2009 tu tur | ||
| 007 | cr cn | ||
| 020 | _a9789756476277 | ||
| 035 |
_a780003 _b(N$T) |
||
| 050 | 0 | 4 |
_aD568.3 _b.E74 2009 |
| 090 | 0 | 4 |
_aD568.3 _b.E74 2009 |
| 100 | 1 | _aEren, Bilal | |
| 245 | 1 | 0 |
_aBir hilal uğruna: Çanakkale _h[electronic resource] / _cBilal Eren ; Hakkı Karatekeli |
| 260 |
_aİstanbul : _bCihan Yayınları, _c2009 |
||
| 300 | _a207 p. | ||
| 650 | 4 | _aTarih | |
| 650 | 4 | _aHistory | |
| 650 | 0 |
_aDünya Savaşı, 1914-1918 _xSeferberlik _xTürkiye _xGelibolu Yarımadası |
|
| 650 | 0 |
_aWorld War, 1914-1918 _xCampaigns _xTurkey _xGallipoli Peninsula |
|
| 650 | 7 |
_aHISTORY / Middle East / Turkey & Ottoman Empire _2bisacsh |
|
| 700 | 1 | _aKaratekeli, Hakkı | |
| 856 | 4 | 0 | _uhttp://search.ebscohost.com/login.aspx?direct=true&scope=site&db=e011xww&AN=780003 |
| 999 |
_c11787 _d11787 |
||